000
00206nam a22000857a 4500
008
170621b xxu||||| |||| 00| 0 eng d
100
_9
3614
_a
Arora. S
245
_a
Computer Science XII
260
_a
New Delhi
_c
1988
999
_c
7002
_d
7002